| 000 | 01195nam a2200325Ia 4500 | ||
|---|---|---|---|
| 001 | ebr10150588 | ||
| 003 | CaPaEBR | ||
| 006 | m u | ||
| 007 | cr cn||||||||| | ||
| 008 | 061115s2006 ne a sb 001 0 eng d | ||
| 020 | _z0123725690 | ||
| 020 | _z9780123725691 | ||
| 020 | _z0080465099 | ||
| 040 |
_aCaPaEBR _cCaPaEBR |
||
| 035 | _a(OCoLC)647618155 | ||
| 050 | 1 | 4 |
_aQH541.5.S35 _bB76 2006eb |
| 100 | 1 | _aMcLachlan, Anton. | |
| 245 | 1 | 4 |
_aThe ecology of sandy shores _h[electronic resource] / _cA. McLachlan, A.C. Brown. |
| 250 | _a2nd ed. | ||
| 260 |
_aAmsterdam ; _aLondon : _bElsevier, _cc2006. |
||
| 300 |
_axii, 373 p. : _bill. |
||
| 504 | _aIncludes bibliographical references (p. [330]-351] and index. | ||
| 533 |
_aElectronic reproduction. _bPalo Alto, Calif. : _cebrary, _d2009. _nAvailable via World Wide Web. _nAccess may be limited to ebrary affiliated libraries. |
||
| 650 | 0 | _aSeashore ecology. | |
| 650 | 0 | _aSand dune ecology. | |
| 655 | 7 |
_aElectronic books. _2local |
|
| 700 | 1 | _aBrown, A. C. | |
| 710 | 2 | _aebrary, Inc. | |
| 856 | 4 | 0 |
_uhttp://site.ebrary.com/lib/rucke/Doc?id=10150588 _zAn electronic book accessible through the World Wide Web; click to view |
| 999 |
_c94010 _d94010 |
||